Catalog

Record Details

Catalog Search



Available copies

  • 1 of 1 copy available at LARL/NWRL Consortium. (Show)
  • 1 of 1 copy available at Lake Agassiz Regional Library.

Current holds

0 current holds with 1 total copy.

Show All Copies
Location Call Number / Copy Notes Barcode Shelving Location Status Due Date
Detroit Lakes Public Library LAY (Text) 33500013070784 Main Available -

Record details

  • ISBN: 9781501191572
  • ISBN: 1501191578
  • Physical Description: pages cm.
  • Publisher: New York : Gallery Books, 2019.

Content descriptions

Summary, etc.:
"For as long as she can remember, Bronx-born Naomi ... Read More
Subject: FICTION / Contemporary Women.
Genre: Romance fiction.
Novels.
LDR 02144cam a22004098i 4500
001313988
003LARL_NWRL_CONSORTIUM
00520190521172317.0
008181019s2019 nyu 000 f eng
010 . ‡a 2018045881
040 . ‡aDLC ‡beng ‡erda ‡cDLC ‡dBDX ‡dGK8
020 . ‡a9781501191572 ‡q(paperback)
020 . ‡a1501191578
035 . ‡a(OCoLC)1056743575
042 . ‡apcc
08200. ‡a813/.6 ‡223
084 . ‡aFIC044000 ‡2bisacsh
1001 . ‡aLayne, Lauren, ‡eauthor.
24510. ‡aPassion on Park Avenue. ‡n#1 / ‡cLauren Layne.
264 1. ‡aNew York : ‡bGallery Books, ‡c2019.
300 . ‡apages cm.
336 . ‡atext ‡btxt ‡2rdacontent
337 . ‡aunmediated ‡bn ‡2rdamedia
338 . ‡avolume ‡bnc ‡2rdacarrier
4900 . ‡aCentral Park Pact ; ‡v1
520 . ‡a"For as long as she can remember, Bronx-born Naomi Powell has had one goal: own one of the ritzy Upper East Side homes where she used to watch her mom work as a housekeeper. Now a sassy CEO of one of the biggest fashion jewelry empires in the country, Naomi has exactly what she wants, but she's learning that it'll take more than the right address to make Manhattan's elite stop treating her like an outsider. The worst of them all is Oliver Cunningham, her new neighbor, and the grown son of the very family Naomi's mother used to work for. Oliver used to torment Naomi when they were children, and as a ridiculously attractive adult, he's tormenting her in entirely different ways. Naomi and Oliver find themselves engaged in a sensual battle-of-wills that will either consume or destroy them.."-- ‡cProvided by publisher.
650 7. ‡aFICTION / Contemporary Women. ‡2bisacsh
655 7. ‡aRomance fiction. ‡2lcgft
655 7. ‡aNovels. ‡2lcgft
77608. ‡iOnline version: ‡aLayne, Lauren, author. ‡tPassion on Park Avenue ‡dNew York : Gallery Books, 2019 ‡z9781501191589 ‡w(DLC) 2018050667
905 . ‡uvanderl
901 . ‡a313988 ‡b ‡c313988 ‡tbiblio ‡soclc

Additional Resources